Respiratory disorders / (Record no. 2430)
[ view plain ]
| 000 -LEADER | |
|---|---|
| fixed length control field | 01025pam a2200301 a 4500 |
| 001 - CONTROL NUMBER | |
| control field | 579505 |
| 003 - CONTROL NUMBER IDENTIFIER | |
| control field | Ke-BoTe |
| 005 - DATE AND TIME OF LATEST TRANSACTION | |
| control field | 20251119020003.0 |
| 008 - FIXED-LENGTH DATA ELEMENTS--GENERAL INFORMATION | |
| fixed length control field | 900508s1990 moua b 001 0 eng c |
| 010 ## - LIBRARY OF CONGRESS CONTROL NUMBER | |
| LC control number | 90006228 |
| 020 ## - INTERNATIONAL STANDARD BOOK NUMBER | |
| International Standard Book Number | 0801650879 |
| 040 ## - CATALOGING SOURCE | |
| Original cataloging agency | DNLM/DLC |
| Transcribing agency | DLC |
| Modifying agency | DLC |
| 050 00 - LIBRARY OF CONGRESS CALL NUMBER | |
| Classification number | RC735.5 |
| Item number | .W54 1990 |
| 060 ## - NATIONAL LIBRARY OF MEDICINE CALL NUMBER | |
| Classification number | WY 163 W753r |
| 082 00 - DEWEY DECIMAL CLASSIFICATION NUMBER | |
| Classification number | 616.2 |
| Edition number | 20 |
| 100 1# - MAIN ENTRY--PERSONAL NAME | |
| Personal name | Wilson, Susan Fickertt. |
| 9 (RLIN) | 4842 |
| 245 10 - TITLE STATEMENT | |
| Title | Respiratory disorders / |
| Statement of responsibility, etc. | Susan F. Wilson, June M. Thompson. |
| 260 ## - PUBLICATION, DISTRIBUTION, ETC. | |
| Place of publication, distribution, etc. | Saint Louis : |
| Name of publisher, distributor, etc. | Mosby-Year Book, |
| Date of publication, distribution, etc. | c1990. |
| 300 ## - PHYSICAL DESCRIPTION | |
| Extent | ix, 310 p. : |
| Other physical details | ill. (some col.) ; |
| Dimensions | 28 cm. |
| 440 #0 - SERIES STATEMENT/ADDED ENTRY--TITLE | |
| Title | Mosby's clinical nursing series |
| 9 (RLIN) | 4685 |
| 504 ## - BIBLIOGRAPHY, ETC. NOTE | |
| Bibliography, etc. note | Includes bibliographical references (p. [302]-[304]) and index. |
| 650 #0 - SUBJECT ADDED ENTRY--TOPICAL TERM | |
| Topical term or geographic name entry element | Respiratory organs |
| General subdivision | Diseases |
| -- | Nursing. |
| 9 (RLIN) | 4811 |
| 650 #2 - SUBJECT ADDED ENTRY--TOPICAL TERM | |
| Topical term or geographic name entry element | Respiratory Tract Diseases |
| General subdivision | nursing. |
| 9 (RLIN) | 4812 |
| 700 1# - ADDED ENTRY--PERSONAL NAME | |
| Personal name | Thompson, June M., |
| Dates associated with a name | 1946- |
| 9 (RLIN) | 4706 |
| 906 ## - LOCAL DATA ELEMENT F, LDF (RLIN) | |
| a | 7 |
| b | cbc |
| c | orignew |
| d | 1 |
| e | ocip |
| f | 19 |
| g | y-gencatlg |
| 942 ## - ADDED ENTRY ELEMENTS (KOHA) | |
| Source of classification or shelving scheme | Library of Congress Classification |
| Koha item type | Books |
| Suppress in OPAC | No |
| Koha issues (borrowed), all copies | 7 |
| Withdrawn status | Lost status | Source of classification or shelving scheme | Damaged status | Not for loan | Collection code | Home library | Current library | Shelving location | Date acquired | Total Checkouts | Full call number | Barcode | Date last seen | Date last checked out | Copy number | Price effective from | Koha item type |
|---|---|---|---|---|---|---|---|---|---|---|---|---|---|---|---|---|---|
| Library of Congress Classification | Non-fiction | SCHOOL OF HEALTH SCIENCES | SCHOOL OF HEALTH SCIENCES | General Stacks | 10.05.2022 | 4 | RC735.5.W54 1990 C1 | 00001054 | 25.11.2025 | 18.11.2025 | 1 | 10.05.2022 | Books | ||||
| Library of Congress Classification | Non-fiction | SCHOOL OF HEALTH SCIENCES | SCHOOL OF HEALTH SCIENCES | General Stacks | 10.05.2022 | 1 | RC735.5.W54 1990 C2 | 00001055 | 31.10.2025 | 24.10.2025 | 2 | 10.05.2022 | Books | ||||
| Library of Congress Classification | Non-fiction | SCHOOL OF HEALTH SCIENCES | SCHOOL OF HEALTH SCIENCES | General Stacks | 10.05.2022 | 2 | RC735.5.W54 1990 C3 | 00001056 | 27.05.2025 | 14.05.2025 | 3 | 10.05.2022 | Books |
